|
|
|
|
| LEADER |
01620nam a2200373 a 4500 |
| 001 |
000310743 |
| 003 |
CZ BrMZK |
| 005 |
20240108141942.0 |
| 007 |
ta |
| 008 |
980115s1997 xr f 0 slo d |
| 040 |
|
|
|a BOA001
|b cze
|
| 072 |
|
7 |
|a 22/24
|x Náboženství Dálného východu. Indická náboženství. Hinduismus. Buddhismus
|2 Konspekt
|9 5
|
| 080 |
|
|
|a 239.4
|2 MRF
|
| 080 |
|
|
|a 165.023
|2 MRF
|
| 080 |
|
|
|a (049)
|2 MRF
|
| 100 |
1 |
|
|a Maliarik, Ján,
|d 1869-1946
|7 jn19990210402
|4 aut
|
| 245 |
1 |
0 |
|a Jediné pravé nejvyšší Náboženství ;
|b Poznání nejvyšší pravdy /
|c Ján Maliarik ; [k vydání připravili O. Doležal, R. Hermanová a P. Herman].
|
| 260 |
|
|
|a Veselí nad Moravou :
|b O. Doležal,
|c 1997
|
| 300 |
|
|
|a 80 s. :
|b il. ;
|c 21 cm
|
| 490 |
1 |
|
|a Knihovna Celozemského univerzálního státu ;
|v sv. 149
|
| 490 |
1 |
|
|a Spisy kňaza Jána Maliarika a jeho žáků
|
| 650 |
0 |
7 |
|a teosofie
|7 ph116434
|2 czenas
|
| 650 |
0 |
7 |
|a pravdivé poznání
|7 ph124558
|2 czenas
|
| 655 |
|
7 |
|a pojednání
|7 fd133056
|2 czenas
|
| 700 |
1 |
|
|a Doležal, Otmar,
|d 1920-2008
|7 jn99240000172
|
| 700 |
1 |
|
|a Herman, Pavol,
|d 1862-1936
|4 com
|
| 700 |
1 |
|
|a Hermanová, Růžena
|7 mzk2009544376
|4 com
|
| 740 |
0 |
2 |
|a Poznání nejvyšší pravdy
|
| 830 |
|
0 |
|a Knihovna celozemského univerzálního státu
|0 s
|
| 830 |
|
0 |
|a Spisy kňaza Jána Maliarika a jeho žáků
|
| 910 |
|
|
|a BOA001
|b 2-1044.517
|
| 990 |
|
|
|a BK
|
| 996 |
7 |
|
|b 2610069978
|c 2-1044.517
|l MZK
|r Sklad / do 1 hodiny
|n 7
|p p.v.
|w 000310743
|u 000010
|a 1
|e BOA001
|j MZK50
|s A
|
| 996 |
6 |
|
|b 2610069979
|c 2-1044.517
|l MZK
|r Sklad / do 1 hodiny
|n 0
|p p.v.
|w 000310743
|u 000020
|a 1
|e BOA001
|j MZK50
|s P
|